000 00936nam a2200241 a 4500
005 20200104041557.0
008 140115s2006 ck ao fr|||| 000 0 spa d
040 _aCO-BoIAVH
_cCO-BoIAVH
041 0 _aspa
044 _ack
082 0 4 _a658.4095
_bC76d
111 2 _aConvenio Interadministrativo 4800000718
_cMedellín
_dJunio 24 a agosto 27 de 2005
245 1 0 _aMemoria del diplomado en gestión ambiental /
_cAlcaldia de Medellin, Corantioquia, Universidad de Antioquia
260 _aMedellín :
_bAlcaldia de Medellin :
_bCorantioquia :
_bUniversidad de Antioquia,
_c2006.
300 _a278 páginas :
_bIlustraciones, fotografías ;
_c23 x 17 cm.
650 6 _aEducación ambiental
650 6 _aProblemática ambiental
650 6 _aGestión ambiental
650 6 _aEcoturísmo
650 6 _aAgroecología
650 6 _aOrdenamiento ambiental del territorio
942 _cLIBRO
_2ddc
999 _c5252
_d5252